000
00315nam a2200133Ia 4500
008
220216s9999 xx 000 0 und d
100
_a
Shakhashiri ZBassam
245
0
_a
Climate change conversations
260
_b
Science
_c
2013
300
_a
9
650
_a
Climate change
700
_a
Bell AJerry
942
_c
JS
999
_c
55655
_d
55655